000 00799nam a22002297a 4500
999 _c3414
_d3414
003 AR-CdUCM
008 190306b ||||| |||| 00| 0 spa d
040 _aMUNICIPALIDAD PROVINCIAL DEL CUSCO
_cBIBLIOTECA MUNICIPAL DEL CUSCO
082 _a082 /
_bC545
100 _aChocano, José Santos
_911262
245 _aAntología :
_bPrologo y selección de Carlos German Belli /
260 _aLima :
_bPeisa,
_c1974.
300 _a153 páginas ;
_c17 cm.
440 _aBiblioteca peruana
_911247
505 _aContenido: En la aldea -- Selva virgen -- Alma América -- Blasón -- Los volcanes -- Las punas...
650 _aPoesías peruanas
_91481
650 _aSiglo XX
_98
650 _aComprensión de lectura
_93320
650 _aCuadernos de trabajo
_93321
942 _2ddc
_cLIBROS
945 _adavv